000 00493nam a2200181Ia 4500
001 25145
005 20260414151130.0
008 260414t2024||||xx |||||||||||||| ||spa||
041 _aESP
082 _a346.21
_bS744
100 _aShinno Pereyra, Vanessa Elizabeth,
_eAUT
245 0 _aPatria potestad y tenencia compartida :
_bnálisis dogmático y jurisprudencial
260 _c2024
300 _a462 páginas :
_c25 cm.
650 _aDER
654 _aCDE
942 _cLIB
_dJUS
_fJUS
_2ddc
_n
999 _c25145
_d25145